|
|
|
|
| LEADER |
00737nab a2200217 i 4500 |
| 001 |
acta8844 |
| 005 |
20240503152120.0 |
| 008 |
161015s2006 hu o 000 hun d |
| 022 |
|
|
|a 1586-0116
|
| 040 |
|
|
|a SZTE Egyetemi Kiadványok Repozitórium
|b hun
|
| 041 |
|
|
|a hun
|
| 100 |
1 |
|
|a Bukowski Charles
|
| 245 |
1 |
0 |
|a Magány
|h [elektronikus dokumentum] :
|b [elbeszélés] /
|c Bukowski Charles
|
| 260 |
|
|
|a JABE a Hallgatókért Kiadói Alapítvány
|b Szeged
|c 2006
|
| 300 |
|
|
|a 29-33
|
| 490 |
0 |
|
|a Fosszília
|
| 650 |
|
4 |
|a Bölcsészettudományok
|
| 650 |
|
4 |
|a Nyelvek és irodalom
|
| 695 |
|
|
|a Amerikai irodalom - novella
|
| 700 |
0 |
1 |
|a Domokos Tamás
|
| 856 |
4 |
0 |
|u http://acta.bibl.u-szeged.hu/8844/1/fosszilia_2006_3_029-033.pdf
|z Dokumentum-elérés
|